000
00315nam a22001337a 4500
008
170616b xxu||||| |||| 00| 0 eng d
020
_a
9789280810943
041
_a
eng
080
_a
32
100
_a
20
101
_a
SHP
245
_a
BROADENING ASIA'S SECURITY DISCOURSE AND AGENDA
_c
THAKUR, R
942
_2
udc
_c
BK
999
_c
17898
_d
17898